載入...

The Botany of Bihar and Orissa

書目詳細資料
主要作者: Haines, H. H.
格式: Printed Book
語言:English
LEADER 00308nam a2200097Ia 4500
008 210227s9999||||xx |||||||||||||| ||eng||
100 |a Haines, H. H. 
245 4 |a The Botany of Bihar and Orissa 
942 |c BK 
999 |c 355578  |d 355578 
952 |0 0  |1 0  |4 0  |7 0  |9 412741  |a BOT  |b BOT  |c ST1  |d 2021-03-01  |l 0  |p BOT2258  |r 2021-03-01  |w 2021-03-01  |y BK